اسلام میں پانی کا انتظام (Record no. 65391)

MARC details
000 -LEADER
fixed length control field 00251nam a22001097a 4500
082 ## - DEWEY DECIMAL CLASSIFICATION NUMBER
Classification number 333.91
100 ## - MAIN ENTRY--AUTHOR NAME
Personal name ناصر آئ فاروقی
245 ## - TITLE STATEMENT
Title اسلام میں پانی کا انتظام
260 ## - PUBLICATION, DISTRIBUTION, ETC. (IMPRINT)
Place of publication کراچی
300 ## - PHYSICAL DESCRIPTION
Number of Pages ۱۷۴
942 ## - ADDED ENTRY ELEMENTS (KOHA)
Koha item type Books
Holdings
Withdrawn status Lost status Collection code Home library Current library Date acquired Full call number Accession Number Koha item type
    Reference Reference Section Reference Section 11/07/2019 333.91 (Shelf - 21A) R29567 Books